| 000 | 01029nam0a22002411 4500 | ||
|---|---|---|---|
| 001 | rc\490228 | ||
| 005 | 20260407091739.0 | ||
| 035 | _a(NLR Aleph) 005732227 | ||
| 090 |
_a7591090 _c7591090 |
||
| 100 | _a20030616d1987 |||y0rusy50 ca | ||
| 101 | 0 | _arus | |
| 102 | _aRU | ||
| 105 | _aa ||||||||| | ||
| 200 | 1 |
_aМетодические рекомендации (микрометод) токсикобиологической оценки рыбы и других гидробионтов _fВАСХНИЛ, Отд-ние ветеринарии, Белоцерков. с.-х. ин-т им. П.Л. Погребняка _g[Разраб. П.В. Микитюком] |
|
| 210 |
_aКиев _cБ. и. _d1987 |
||
| 215 |
_a19, [2] с. _cил. _d20 |
||
| 702 | 1 |
_aМикитюк _bП.В. _gПетр Васильевич _4570 |
|
| 712 | 0 | 2 |
_aВАСХНИЛ _bОтделение ветеринарии _3RU\NLR\AUTH\8817236 _9307700 |
| 801 | 0 |
_aRU _bNLR _gpsbo |
|
| 801 | 1 |
_aRU _bELAR _2rusmarc |
|
| 852 |
_aNLR _j87-4/11936 |
||
| 942 | _cBOOK | ||
| 980 | _aNB | ||